|
|
|
|
| LEADER |
00000nam0a2200000 4500 |
| 001 |
328139 |
| 005 |
20231102004030.0 |
| 035 |
|
|
|a (RuTPU)RU\TPU\book\353839
|
| 090 |
|
|
|a 328139
|
| 100 |
|
|
|a 20170213d1999 m y0rusy50 ca
|
| 101 |
0 |
|
|a rus
|
| 102 |
|
|
|a RU
|
| 105 |
|
|
|a a j 001zy
|
| 200 |
1 |
|
|a Электроника и микропроцессорная техника
|e рабочая программа, методические указания и контрольные задания
|f Томский политехнический университет (ТПУ), Институт дистанционного образования (ИДО) ; сост. И. П. Чучалин
|
| 210 |
|
|
|a Томск
|c Изд-во ТПУ
|d 1999
|
| 215 |
|
|
|a 28 с.
|c ил.
|
| 317 |
|
|
|5 63413507: КР-2198
|a Поступила в НТБ в 2017 г. в составе книжного собрания ректора ТПИ И. П. Чучалина
|
| 320 |
|
|
|a Библиогр.: с. 28
|
| 606 |
1 |
|
|a Электроника
|2 stltpush
|3 (RuTPU)RU\TPU\subj\20310
|9 45419
|
| 610 |
1 |
|
|a микропроцессорная техника
|
| 610 |
1 |
|
|a дисцилины
|
| 610 |
1 |
|
|a цель
|
| 610 |
1 |
|
|a содержание
|
| 610 |
1 |
|
|a контрольные работы
|
| 610 |
1 |
|
|a методические указания
|
| 610 |
1 |
|
|a учебные пособия
|
| 610 |
1 |
|
|a труды учёных ТПУ
|
| 610 |
1 |
|
|a коллекция И. П. Чучалина
|
| 610 |
1 |
|
|a дары библиотеке
|
| 675 |
|
|
|a 621.38(075.8)
|v 4
|
| 702 |
|
1 |
|a Чучалин
|b И. П.
|c физик
|c ректор Томского института автоматизированных систем управления и радиоэлектроники (ТИАСУР), 1972-1981
|c ректор Томского политехнического института (ТПИ), 1981-1990
|c выпускник ФТФ ТПИ 1951 г.
|f 1925-
|g Иван Петрович
|2 stltpush
|3 (RuTPU)RU\TPU\pers\11823
|4 220
|
| 712 |
0 |
2 |
|a Томский политехнический университет (ТПУ)
|b Институт дистанционного образования (ИДО)
|2 stltpush
|3 (RuTPU)RU\TPU\col\12625
|
| 801 |
|
1 |
|a RU
|b 63413507
|c 20170213
|
| 801 |
|
2 |
|a RU
|b 63413507
|c 20190124
|g RCR
|
| 942 |
|
|
|c BK
|